000 01097cab a2200241 4500
001 X82960
008 090401t1997 xxu||||| |||| 00| 0 eng d
035 _a(Sirsi) u82960
041 _aeng
245 _aFitzpatrick v Sterling Housing Association Ltd
260 _c1997
350 _a0
490 _aAll England Law Reports
_v[1997] 4 All ER 991-1024(34)
520 _aCA 23 July 1997. In 1976 F moved into a flat with T who was the statutory tenant. When in 1994 T died F applied to take over the tenancy, but the landlords refused. F`s application for determination of succession was dismissed, the court holding that F and T`s homosexual relationship was outside the definitions set out in The Rent Act 1977 of a person entitled to succeed the death of a statutory tenant. Appeal dismissed.
650 _aFITZPATRICK V STERLING HOUSING ASSOCIATION LTD
650 _aHOMOSEXUAL RELATIONSHIP
650 _aRENT ACT 1977
650 _aSTATUTORY TENANCY
650 _aSUCCESSION
690 _aLANDLORD AND TENANT-CASE LAW-RESIDENTIAL TENANCIES
942 _n0
948 _c06/01/1998
999 _c52398
_d52398